La peinture française du IXe siècle à la fin du XVIe, (Record no. 23092)

MARC details
000 -LEADER
fixed length control field 00848cam a22002531 4500
001 - CONTROL NUMBER
control field f 01003463
003 - CONTROL NUMBER IDENTIFIER
control field DLC
005 - DATE AND TIME OF LATEST TRANSACTION
control field 20260227111246.0
008 - FIXED-LENGTH DATA ELEMENTS--GENERAL INFORMATION
fixed length control field 810122s1897 fr ac 000 0 fre
010 ## - LIBRARY OF CONGRESS CONTROL NUMBER
LC control number f 01003463
035 ## - SYSTEM CONTROL NUMBER
System control number (OCoLC)7076526
040 ## - CATALOGING SOURCE
Original cataloging agency DLC
Transcribing agency OCl
Modifying agency OCoLC
-- DLC
042 ## - AUTHENTICATION CODE
Authentication code premarc
050 00 - LIBRARY OF CONGRESS CALL NUMBER
Classification number ND541
Item number .M3
100 1# - MAIN ENTRY--PERSONAL NAME
Personal name Mantz, Paul,
Dates associated with a name 1821-1895.
245 13 - TITLE STATEMENT
Title La peinture française du IXe siècle à la fin du XVIe,
Statement of responsibility, etc. par Paul Mantz; avec une introduction par Olivier Merson
260 ## - PUBLICATION, DISTRIBUTION, ETC.
Place of publication, distribution, etc. Paris,
Name of publisher, distributor, etc. L.H. May
Date of publication, distribution, etc. [1897]
300 ## - PHYSICAL DESCRIPTION
Extent 288 p.
Other physical details illus. (incl. ports.)
Dimensions 21 cm.
490 0# - SERIES STATEMENT
Series statement Bibliothèque de l'enseignement des beaux-arts
500 ## - GENERAL NOTE
General note Series title also at head of t.-p.
500 ## - GENERAL NOTE
General note Added t.-p., with ornamental border.
650 #0 - SUBJECT ADDED ENTRY--TOPICAL TERM
Topical term or geographic name entry element Painting
Geographic subdivision France
General subdivision History.
700 1# - ADDED ENTRY--PERSONAL NAME
Personal name Merson, Olivier,
Dates associated with a name 1822-1902.

No items available.

Powered by Koha